000 00909 a2200229 4500
020 _a140202259X
022 _a9781402022593
082 _a537.24
090 _c1029
_d1029
100 1 _aRzoska, Sylwester J.
245 1 0 _aNonlinear dielectric phenomena in complex liquids
_h[electronic resource] /
_cSylwester J. Rzoska, Vitaly Zhelezny, Sylwester J. Rzoska, Vitaly Zhelezny.
260 _a[S.l.] :
_bSpringer,
_c2004.
300 _a1 online resource (392 p.)
490 1 _aNato science series ii: mathematics, physics and chemistry.
500 _aKindle eBook.
700 1 _aZhelezny, Vitaly.
700 1 _aRzoska, Sylwester J.
700 1 _aZhelezny, Vitaly.
830 0 _aNato science series ii: mathematics, physics and chemistry.
942 _aSNS
_cBK
_k537.2 RZO
999 _c29647
_d29647